000 00915nab a2200253 u 4500
001 15011
003 HDC
007 cr bn ---aaaaa
008 210217c xx dr|noo 0 a eng d
040 _aHDC
100 _aSteffens, Liliana.,
_eauthor
_915345
245 0 _aLifeClass Terme Sveti Martin in Croatia Receives Halal Certification /
_cby Liliana Steffens
260 _a[No place] :
_b[publisher not identified],
_c[no date]
336 _atext
_2rdacontent
337 _acomputer
_2rdamedia
338 _aonline resource
_2rdacarrier
650 _aHalal food industry
_zUnited Arab Emirates
_xCertification
_915346
650 _aHotels
_99414
710 _aMyinforms
856 _zRequest full-text at [email protected]
942 _2lcc
942 _cNEWS
942 _kNWSO 004174
999 _c12327
_d12327